Losowe punkty państw na pustej mapie - Statystyki

Ogólne statystyki
  • Ten quiz został rozwiązany 128 razy
  • Średni wynik to 12 z 20
Odpowiedzi na mapie
Odpowiedzi zakodowano w zielono-czerwonej skali na mapie do tego quizu, zgodnie z poniższymi procentami.
 
Statystyki odpowiedzi
Państwo % Poprawnych
Armenia
100%
Białoruś
100%
Brazylia
100%
Burundi
100%
Chorwacja
100%
Czechy
100%
Finlandia
100%
Gruzja
100%
Holandia
100%
Honduras
100%
Indonezja
100%
Izrael
100%
Kolumbia
100%
Korea Północna
100%
Łotwa
100%
Nauru
100%
Nepal
100%
Niemcy
100%
Norwegia
100%
Polska
100%
Republika Południowej Afryki
100%
Rosja
100%
Serbia
100%
Słowenia
100%
Sri Lanka
100%
Stany Zjednoczone
100%
Szwajcaria
100%
Szwecja
100%
Tunezja
100%
Turcja
100%
Uzbekistan
100%
Włochy
100%
Francja
90%
Austria
88%
Indie
86%
Japonia
86%
Mołdawia
86%
Węgry
86%
Algieria
83%
Arabia Saudyjska
83%
Australia
83%
Dania
83%
Kazachstan
83%
Lesotho
83%
Litwa
83%
Macedonia Północna
83%
Republika Zielonego Przylądka
83%
Rumunia
83%
Singapur
83%
Tajlandia
83%
Urugwaj
83%
Argentyna
80%
Bahrajn
80%
Bułgaria
80%
Irlandia
80%
Kirgistan
80%
Pakistan
80%
Paragwaj
80%
Panama
78%
Chile
75%
Czarnogóra
75%
Gwinea
75%
Mauretania
75%
Mongolia
75%
Słowacja
75%
Surinam
75%
Tadżykistan
75%
Wielka Brytania
75%
Boliwia
71%
Czad
71%
Irak
71%
Iran
71%
Jemen
71%
Mozambik
71%
Papua-Nowa Gwinea
71%
Syria
71%
Andora
67%
Botswana
67%
Cypr
67%
Estonia
67%
Grecja
67%
Kanada
67%
Liechtenstein
67%
Malta
67%
Maroko
67%
Oman
67%
Palau
67%
Peru
67%
Sudan Południowy
67%
Tonga
67%
Turkmenistan
67%
Azerbejdżan
63%
Filipiny
63%
Bhutan
60%
Gwatemala
60%
Kiribati
60%
Korea Południowa
60%
Kuba
60%
Malediwy
60%
Seszele
60%
Ukraina
60%
Zambia
60%
Zjednoczone Emiraty Arabskie
60%
Bangladesz
57%
Tajwan
57%
Wietnam
57%
Egipt
56%
Mjanma
56%
Albania
50%
Belize
50%
Bośnia i Hercegowina
50%
Chiny
50%
Dominikana
50%
Ekwador
50%
Erytrea
50%
Gambia
50%
Ghana
50%
Gujana
50%
Haiti
50%
Hiszpania
50%
Islandia
50%
Jamajka
50%
Jordania
50%
Kambodża
50%
Kosowo
50%
Laos
50%
Libia
50%
Mali
50%
Meksyk
50%
Mikronezja
50%
Nigeria
50%
Portugalia
50%
Samoa
50%
Sudan
50%
Togo
50%
Trynidad i Tobago
50%
Wenezuela
50%
Dżibuti
45%
Demokratyczna Republika Konga
43%
Dominika
43%
Grenada
43%
Sierra Leone
43%
Barbados
40%
Eswatini
40%
Liban
40%
Senegal
40%
Uganda
40%
Watykan
40%
Angola
38%
Kamerun
38%
Wybrzeże Kości Słoniowej
38%
Antigua i Barbuda
33%
Belgia
33%
Benin
33%
Brunei
33%
Fidżi
33%
Katar
33%
Kenia
33%
Kongo
33%
Kostaryka
33%
Luksemburg
33%
Madagaskar
33%
Malezja
33%
Nowa Zelandia
33%
Republika Środkowoafrykańska
33%
Saint Lucia
33%
Timor Wschodni
33%
Wyspy Marshalla
33%
Wyspy Świętego Tomasza i Książeca
33%
San Marino
30%
Bahamy
25%
Burkina Faso
25%
Gabon
25%
Kuwejt
25%
Liberia
25%
Malawi
25%
Namibia
25%
Rwanda
25%
Saint Kitts i Nevis
25%
Somalia
25%
Tuvalu
25%
Vanuatu
25%
Wyspy Salomona
25%
Monako
20%
Nikaragua
17%
Tanzania
17%
Afganistan
0%
St. Vincent & the Grenadines
0%
Etiopia
0%
Gwinea Bissau
0%
Gwinea Równikowa
0%
Komory
0%
Mauritius
0%
Niger
0%
Salwador
0%
Zimbabwe
0%
Nie znaleziono quizów pasujących do podanych kryteriów
Rozkład punktacji
Procent ludzi z każdym wynikiem
Percentyl według liczby udzielonych odpowiedzi
Twoja historia wyników
Nie rozwiązałeś tego quizu